| 000 | nam a22 a 4500 | ||
|---|---|---|---|
| 999 |
_c402816 _d402816 |
||
| 003 | BLK | ||
| 005 | 20210402112213.0 | ||
| 008 | 180409b bul|||||r ||||||| ||bul|| | ||
| 040 | _aBLK | ||
| 041 |
_aFRE _cFRE |
||
| 080 |
_aПолитика. Вж и 341 ; 342 _b32 _z32 |
||
| 100 |
_aVaquette, Théodule-Henri _eпърви автор _9334447 |
||
| 139 | _aVaquette, Théodule-Henri | ||
| 245 | 1 | 0 |
_aCours résumé de droit international privé _cThéodule-Henri Vaquette |
| 257 | _aFRA | ||
| 260 |
_bT. Vaquette _c1884 _9219264 _aParis |
||
| 300 |
_a501 p. _c19 cm |
||
| 380 | _a3 | ||
| 490 |
_9435080 _aКолекция Редки и ценни издания |
||
| 852 |
_aРф 884 _bРц |
||
| 856 | 4 | _qpdf | |
| 856 | 4 | _qpdf | |
| 942 |
_cKNG _n0 _s1 |
||
| 944 |
_aCR _c2021-03-25 _kNR |
||
| 999 | _d402816 | ||
| 999 | _d402816 | ||
| 999 | _d402816 | ||
| 999 | _d402816 | ||